2010 FIFA World Cup Teams - Sudden Death - Statistics

General Stats
  • This quiz has been taken 294 times
  • The average score is 16 of 32
Answers on the Grid
Answers color-coded by a green-red scale on the quiz's grid according to % correct below.
Albania
Algeria
Argentina
Australia
Austria
Azerbaijan
Belgium
Brazil
Cameroon
Canada
Chile
China
Colombia
Costa Rica
Croatia
Denmark
Ecuador
Egypt
England
Ethiopia
Finland
France
Germany
Ghana
Greece
Haiti
Honduras
Hungary
Iran
Italy
Ivory Coast
Japan
Kenya
Madagascar
Malaysia
Mali
Mexico
Morocco
Namibia
Netherlands
New Zealand
Nigeria
North Korea
Norway
Pakistan
Panama
Paraguay
Peru
Poland
Portugal
Qatar
Russia
Saudi Arabia
Scotland
Serbia
Slovakia
Slovenia
South Africa
South Korea
Spain
Sweden
Switzerland
Tajikistan
Thailand
Tunisia
Turkey
Ukraine
United States
Uruguay
Uzbekistan
Wales
Yemen
 
Answer Stats
Answer % Correct
Argentina
83%
Brazil
73%
Australia
63%
Germany
62%
England
58%
France
58%
Netherlands
58%
Italy
56%
Spain
54%
South Africa
52%
Uruguay
52%
Algeria
51%
Chile
51%
Mexico
51%
Portugal
51%
United States
51%
Japan
47%
Cameroon
46%
Ghana
46%
New Zealand
46%
North Korea
45%
Paraguay
43%
Ivory Coast
41%
Greece
40%
Nigeria
40%
Honduras
39%
Switzerland
39%
Slovenia
38%
South Korea
38%
Slovakia
37%
Denmark
34%
Serbia
32%
No matching quizzes found
Score Distribution
Percent of People with Each Score
Percentile by Number Answered
Your Score History
You have not taken this quiz